Normal view
MARC view
Entry Personal Name
001 - CONTROL NUMBER
- control field: 14433
003 - CONTROL NUMBER IDENTIFIER
- control field: OSt
005 - DATE AND TIME OF LATEST TRANSACTION
- control field: 20211020091527.0
008 - FIXED-LENGTH DATA ELEMENTS
- fixed length control field: 211020|| aca||aabn | a|a d
040 ## - CATALOGING SOURCE
- Original cataloging agency: OSt
- Transcribing agency: OSt
100 ## - HEADING--PERSONAL NAME
- Personal name: NANCY J. COBB
670 ## - SOURCE DATA FOUND
- Source citation: Work cat.: (OSt)13545: NANCY J. COBB, THE CHILD INFANTS , CHILDREN AND ADOLESCENTS, 2001